000 01281nam a2200277 4500
003 OSt
005 20260601193848.0
008 260508b mx ||||| |||| 00| 0 spa d
040 _aICI
_bSPA
_cICI
050 _aHT166
_b.P37
110 _aCiudad de México (México)
_bSecretaría de Desarrollo Urbano y Vivienda.
_931833
245 1 _aParques públicos de bolsillo /
_cGobierno de la Ciudad de México, Secretaría de Desarrollo Urbano y Vivienda, Autoridad del Espacio Público.
264 _aCiudad de México :
_bGobierno de la Ciudad de México,
_c[20--]
300 _a94 páginas
_bilustraciones a color
336 _atexto
_2rdacontent
337 _asin medio
_2rdamedia
338 _avolumen
_2rdacarrier
500 _aPublicación institucional sobre el desarrollo y rehabilitación de parques públicos de bolsillo en la Ciudad de México.
650 _aParques urbanos
_zCiudad de México.
_931834
650 _aEspacios públicos
_xPlaneación
_zCiudad de México.
_931835
650 _aUrbanismo
_xAspectos sociales
_zCiudad de México.
_931836
650 _aRenovación urbana
_zCiudad de México.
_931837
650 _aPaisajismo urbano
_zCiudad de México.
_931838
710 _aCiudad de México (México)
_bAutoridad del Espacio Público
_931839
942 _2lcc
_cB
_n1
999 _c21741
_d21741